000 00568nam a22001937a 4500
003 SISC
005 20160820090225.0
008 141007b xxu||||| |||| 00| 0 eng d
020 _a9781408066638
050 _aGT 3405
_b.Sh75 2013
100 _aShone, Anton.
245 _aSuccessful event management :
_ba practical handbook /
250 _a4th edition.
260 _aAustralia :
_bCengage Learning,
_c2013.
300 _a334 pages :
_bcolored illustrations ;
_c25 cm.
500 _aIncludes glossary and index.
650 _aManagement.
942 _2lcc
_cBK
_kFOR
999 _c276025
_d276025